Plastikářské a gumárenské názvosloví. ČSN 64 0001 : Účinnost: 1.4.1977
Guardado en:
| Formato: | Libro |
|---|---|
| Lenguaje: | checo |
| Publicado: |
Praha :
Úřad pro normalizaci a měření,
1976
|
| Materias: | |
| Etiquetas: |
Sin Etiquetas, Sea el primero en etiquetar este registro!
|
MARC
| LEADER | 00000nam a22000003a 4500 | ||
|---|---|---|---|
| 001 | stu79380 | ||
| 005 | 20150408175442.4 | ||
| 008 | 030228s1976----cs------------------cze-d | ||
| 040 | |a STU |b slo | ||
| 041 | 0 | |a cze | |
| 044 | |a cs | ||
| 080 | |a 678 | ||
| 245 | |a Plastikářské a gumárenské názvosloví. ČSN 64 0001 : |b Účinnost: 1.4.1977 | ||
| 260 | |a Praha : |b Úřad pro normalizaci a měření, |c 1976 | ||
| 300 | |a 399 s | ||
| 650 | 7 | |a plasty |2 stusub | |
| 996 | |b 284M039195 |c M*N-88-1 |l MMKN |s A |a 24 |w stu79380_0001 | ||
| 996 | |b MN 88 2 |c M*N-88-2 |l MMKN |s A |a 24 |w stu79380_0002 | ||
| 996 | |b MN 88 3 |c M*N-88-3 |l MMKN |s A |a 24 |w stu79380_0003 | ||